Marketing Decisions for New and Mature Products
Guardado en:
| Autor principal: | |
|---|---|
| Otros Autores: | |
| Formato: | Libro |
| Lenguaje: | inglés |
| Publicado: |
Upper Saddle River
Prentice Hall
1991
|
| Edición: | 2. ed. |
| Materias: | |
| Etiquetas: |
Sin Etiquetas, Sea el primero en etiquetar este registro!
|
MARC
| LEADER | 00000nam a2200000 4500 | ||
|---|---|---|---|
| 001 | c014249 | ||
| 005 | 20221206114752.2 | ||
| 020 | |a 0-675-20647-2 | ||
| 041 | 0 | |a eng | |
| 044 | |a US | ||
| 245 | 1 | 0 | |a Marketing Decisions for New and Mature Products |c Robert D. Hisrich, Michael P. Peters |
| 250 | |a 2. ed. | ||
| 264 | 1 | |a Upper Saddle River |b Prentice Hall |c 1991 | |
| 300 | |a 516 s. | ||
| 610 | 2 | 0 | |a rozhodovanie |
| 610 | 2 | 0 | |a riadenie výroby |
| 610 | 2 | 0 | |a sortiment výroby |
| 610 | 2 | 0 | |a výrobky nové |
| 610 | 2 | 0 | |a manažment |
| 610 | 2 | 0 | |a reorganizácia |
| 610 | 2 | 0 | |a marketing manažment |
| 100 | 1 | |a Hisrich, Robert D. | |
| 700 | 1 | |a Peters, Michael P. | |